Colorado 14ers - Statistics

General Stats
  • This quiz has been taken 621 times
  • The average score is 26 of 53
Answer Stats
Hint Answer % Correct
14,440 ft Mount Elbert
94%
14,115 ft Pikes Peak
93%
14,259 ft Longs Peak
83%
14,428 ft Mount Massive
77%
14,271 ft Mount Evans
76%
14,421 ft Mount Harvard
75%
14,278 ft Grays Peak
72%
14,200 ft Mount Yale
71%
14,204 ft Mount Princeton
70%
14,275 ft Torreys Peak
67%
14,065 ft Mount Bierstadt
64%
14,293 ft Mount Lincoln
63%
14,163 ft Maroon Peak
60%
14,155 ft Mount Democrat
60%
14,011 ft Mount of the Holy Cross
58%
14,271 ft Quandary Peak
57%
13,137 ft Capitol Peak
52%
14,178 ft Mount Bross
52%
14,357 ft Blanca Peak
51%
14,009 ft Sunshine Peak
50%
14,203 ft Crestone Needle
49%
14,300 ft Crestone Peak
49%
14,043 ft Mount Sherman
48%
14,276 ft Mount Antero
46%
14,368 ft La Plata Peak
44%
14,160 ft Mount Oxford
43%
14,025 ft Pyramid Peak
43%
14,043 ft Little Bear Peak
42%
14,231 ft Mount Shavano
42%
14,252 ft Mount Wilson
42%
14,321 ft Uncompahgre Peak
42%
14,023 ft Wilson Peak
42%
14,010 ft Huron Peak
40%
14,099 ft Snowmass Mountain
40%
14,279 ft Castle Peak
39%
14,203 ft Mount Belford
39%
14,158 ft Mount Sneffels
39%
14,041 ft Redcloud Peak
39%
14,065 ft Sunlight Peak
39%
14,171 ft Kit Carson Mountain
38%
14,074 ft Missouri Mountain
38%
14,048 ft Mount Lindsey
38%
14,162 ft Tabeguache Peak
36%
14,053 ft Culebra Peak
35%
14,058 ft Handies Peak
34%
14,022 ft San Luis Peak
34%
14,021 ft Wetterhorn Peak
34%
14,070 ft Humboldt Peak
33%
14,090 ft Mount Eolus
33%
14,077 ft Mount Colombia
32%
14,087 ft Challenger Point
31%
14,088 ft Windom Peak
28%
14,048 ft Ellingwood Point
27%
No matching quizzes found
Score Distribution
Percent of People with Each Score
Percentile by Number Answered
Your Score History
You have not taken this quiz